000 nam a22 7a 4500
999 _c29579
_d29579
008 180420b xxu||||| |||| 00| 0 eng d
050 _aREF PE 1625 .N63 1958
100 _aWebster, Noah.
245 _aWebster's twentieth century dictionary/
_bunabridged/
250 _a2nd ed.
260 _c1958
300 _axiv, 1138p. :
_bill. ;
_c28cm.
500 _aInclude index.
650 _aEnglish language.
942 _2lcc
_cREF_BOOK
_hREF PE 1625 .N63 1958